书目信息 |
| 题名: |
无线电测位
|
|
| 作者: | 切斯特诺夫 著 ;华坡 译 | |
| 分册: | ||
| 出版信息: | 北京 商务印书馆 1956 |
|
| 页数: | 60页 | |
| 开本: | 19cm | |
| 丛书名: | ||
| 单 册: | ||
| 中图分类: | TN-51 | |
| 科图分类: | ||
| 主题词: | 电子测量 , 无线电电子学 , 通信技术 | |
| 电子资源: | ||
| ISBN: | ||
| 000 | 00684nam0 2200241 45 | |
| 001 | 0183012786 | |
| 005 | 20060425162947.25 | |
| 010 | @dCNY0.24 | |
| 100 | @a19960321d1956 em y0chiy0121 ea | |
| 101 | 1 | @achi@crus |
| 102 | @aCN@b110000 | |
| 105 | @ay z 000yy | |
| 200 | 10 | @a无线电测位@Awu xian dian ce wei@f(苏)Ф·И·切斯特诺夫著@F(su)Ф·И·qie si te nuo fu zhu@g华坡译@Ghua po yi |
| 210 | @a北京@c商务印书馆@d1956 | |
| 215 | @a60页@d19cm | |
| 606 | @a电子测量 | |
| 606 | 0 | @a无线电电子学 |
| 606 | 0 | @a通信技术 |
| 690 | @aTN-51@v3 | |
| 701 | 0 | @a切斯特诺夫@Aqie si te nuo fu@4著 |
| 702 | 0 | @a华坡@Ahua po@4译 |
| 801 | 0 | @aCN@bTSSF@c20060425 |
| 905 | @a10447@dTN-51@e4 | |
| 无线电测位/(苏)Ф·И·切斯特诺夫著/华坡译.-北京:商务印书馆,1956 |
| 60页;19cm |
| ISBN :CNY0.24 |
| ● |
| 相关链接 |
|
|
|
|
正题名:无线电测位
索取号:TN-51/4
 
预约/预借
| 序号 | 登录号 | 条形码 | 馆藏地/架位号 | 状态 | 备注 |
| 1 | 0000907 | 202288194 | 密集书库/ [索取号:TN-51/4] | 在馆 |